| 000 | 00509nam a2200193 a 4500 | ||
|---|---|---|---|
| 001 | 662 | ||
| 003 | CO-ViMGA | ||
| 008 | 141112s2004 ck r 000 u spa d | ||
| 040 |
_aCO-ViMGA _bspa _cCO-ViMGA |
||
| 082 | 0 | 4 | _a883.01 L653d |
| 100 | 1 |
_aLongo, _94934 |
|
| 245 | 1 | 0 | _aDafnis y Cloe |
| 260 |
_aSantafé de Bogotá : _bNorma, _c1997 |
||
| 300 | _a98, 43 p | ||
| 490 | _aCara y cruz | ||
| 500 | _aEncuadernado con A propósito de Longo y su obra. | ||
| 650 | 1 | 4 |
_aNOVELA GRIEGA _92850 |
| 942 |
_2ddc _cBK |
||
| 999 |
_c12901 _d12901 |
||